The chemistry of soils /
Guardado en:
| Autor Principal: | |
|---|---|
| Formato: | Libro |
| Idioma: | English |
| Publicado: |
Oxford ; New York :
Oxford University Press,
2008.
|
| Edición: | 2nd ed. |
| Materias: | |
| Acceso en línea: | Tabla de contenidos |
| Etiquetas: |
Agregar Etiqueta
Sin Etiquetas, Sea el primero en etiquetar este registro!
|
| LEADER | 01050nam a22002055a 4500 | ||
|---|---|---|---|
| 001 | EEA.libagro008486 | ||
| 005 | 20171002100720.0 | ||
| 008 | 130809s2008####nyua#####b####000#0#eng#d | ||
| 020 | |a 9780195313697 | ||
| 082 | 0 | 4 | |a 631.41 |
| 100 | 1 | |a Sposito, Garrison, |d 1939- | |
| 245 | 1 | 4 | |a The chemistry of soils / |c Garrison Sposito. |
| 250 | |a 2nd ed. | ||
| 260 | |a Oxford ; |a New York : |b Oxford University Press, |c 2008. | ||
| 300 | |a xii, 329 p. : |b il. ; |c 25 cm. | ||
| 504 | |a Incluye referencias bibliográficas e índice. | ||
| 505 | 0 | |a 1. The Chemical Composition of Soils -- 2. Soil Minerals -- 3. Soil Humus -- 4. The Soil Solution -- 5. Mineral Stability and Weathering -- 6. Oxidation-Reduction Reactions -- 7. Soil Particle Surface Charge -- 8. Soil Adsorption Phenomena -- 9. Exchangeable Ions -- 10. Colloidal Phenomena -- 11. Soil Acidity -- 12. Soil Salinity | |
| 650 | 7 | |a Química del suelo |2 agrovoc | |
| 856 | |u http://catdir.loc.gov/catdir/toc/ecip0722/2007028057.html |3 Tabla de contenidos | ||
| 859 | |a AR-BbBCA |b BIB. AGRONOMIA |h 631.41 |i S764a2 |p 2011/5899 | ||
